<The> Poprad Economic and Management Forum 2017: trends in quality of work, production, services and life conference proceedings from international scientific conference : 19th - 20th october 2017, Poprad, Slovak Republic

Saved in:
Bibliographic Details
Corporate Authors: <The> Poprad Economic and Management Forum 2017: trends in quality of work, production, services and life. International scientific conference, Katolícka univerzita v Ružomberku. Pedagogická fakulta
Other Authors: Madzík, Peter
Format: Book
Language:English
Published: Ružomberok VERBUM, Catholic University in Ružomberok 2017
Edition:1st edition
Subjects:
Tags: Add Tag
No Tags, Be the first to tag this record!

MARC

LEADER 00000nlm a2200000 4500
001 0240313
005 20221221134042.4
020 |a 978-80-561-0519-1 
041 0 |a eng 
044 |a SK 
245 1 0 |a <The> Poprad Economic and Management Forum 2017: trends in quality of work, production, services and life  |b conference proceedings from international scientific conference : 19th - 20th october 2017, Poprad, Slovak Republic  |c editor: Peter Madzík 
250 |a 1st edition 
264 1 |a Ružomberok  |b VERBUM, Catholic University in Ružomberok  |c 2017 
300 |a online [304 s.] 
610 2 0 |a ekonómia 
610 2 0 |a manažment 
610 2 0 |a kvalita práce 
610 2 0 |a kvalita služieb 
610 2 0 |a kvalita tovaru 
610 2 0 |a kvalita života 
610 2 0 |a ekonomika znalostná 
610 2 0 |a inovácia 
610 2 0 |a konkurencieschopnosť 
610 2 0 |a manažment personálny 
610 2 0 |a riadenie ľudských zdrojov 
610 2 0 |a riadenie strategické 
610 2 0 |a vzdelávanie celoživotné 
610 2 0 |a marketing personálny 
610 2 0 |a manažment znalostný 
610 2 0 |a ruch cestovný 
610 2 0 |a turistika 
610 2 0 |a rozvoj regionálny 
700 1 |a Madzík, Peter 
110 2 |a <The> Poprad Economic and Management Forum 2017: trends in quality of work, production, services and life. International scientific conference 
710 2 |a Katolícka univerzita v Ružomberku. Pedagogická fakulta